| 000 | 00440nam a22001697a 4500 | ||
|---|---|---|---|
| 005 | 20250513171915.0 | ||
| 008 | 250513b |||||||| |||| 00| 0 eng d | ||
| 020 | _a8185502269 | ||
| 050 |
_aHF5438 _bSTA |
||
| 100 | _aBrandt, Rhonda | ||
| 245 | _aEffective human relations in organizations | ||
| 250 | _a6th | ||
| 260 |
_aNew York _bHoughton Mifflin Company _cc1996 |
||
| 300 | _axx,539p | ||
| 700 | _aReece L. Barry | ||
| 942 |
_2lcc _cBK _n0 |
||
| 999 |
_c5759 _d5759 |
||